| 000 | 00526nam a2200193 i 4500 | ||
|---|---|---|---|
| 001 | bg | ||
| 100 | 1 | _aSVAN, Michael | |
| 245 | 4 |
_aThe new Cambridge English course. _nVol. 1, _pTeacher / _cMichael Svan, Catherine Walter. |
|
| 260 |
_aNew York : _bCambridge Univ. Press, _c1990. |
||
| 300 |
_a147 s. ; _bfot., rys. |
||
| 650 | 9 | _aJęzyk angielski | |
| 655 | _aPodręczniki | ||
| 700 | 1 | _aWALTER, Catherine | |
| 040 | _cBPK | ||
| 041 | _apol | ||
| 080 | _a802.0 | ||
| 942 | _cKS | ||
| 008 | s pl f |000 0 pol | ||
| 999 |
_c5343 _d5343 |
||
| 856 |
_uhttp://koha.tu.koszalin.pl/cgi-bin/koha/opac-detail.pl?biblionumber=5343 _yKatalog online BPK |
||